Sao Tome and Principe : EIU Country profile 2002/ 2003.
| Format: | Book |
|---|---|
| Published: |
[London]:
The Economist Intelligence Unit,
2002.
|
| Subjects: |
| LEADER | 00512cam a2200145 7i4500 | ||
|---|---|---|---|
| 001 | 0000011282 | ||
| 005 | 20061207090000.0 | ||
| 090 | 0 | 0 | |a S.TP 330.9 |b SAO |
| 245 | 0 | 0 | |a Sao Tome and Principe : |b EIU Country profile 2002/ 2003. |
| 260 | 0 | 0 | |a [London]: |b The Economist Intelligence Unit, |c 2002. |
| 300 | # | # | |a 23 p. |
| 650 | 0 | 0 | |a Economic conditions -- |z Sao Tome and Principe |
| 650 | 0 | 0 | |a Sao Tome and Principe -- |x Country profile |
| 651 | 0 | 0 | |a Sao Tome and Principe |
| 999 | |a B000013676 |b Book |c Countries |e Business Information Centre | ||